[Event "Moscow4"]
[White "Olbrikh, H."]
[Black "Garkov, Mitko"]
[Site "Moscow"]
[Round "?"]
[Result "1/2-1/2"]
[Date "1990.??.??"]
[WhiteElo "2525"]
[BlackElo "2315"]
[PlyCount "45"]
[EventDate "1990.??.??"]
[EventType "tourn"]
[EventRounds "11"]
[EventCountry "URS"]
[EventCategory "5"]
[SourceTitle "EXT 1997"]
[Source "ChessBase"]
[SourceDate "1996.11.15"]
[SourceVersion "1"]
[SourceVersionDate "1996.11.15"]
[SourceQuality "1"]

1. e4 e6 2. d4 d5 3. Nc3 Bb4 4. exd5 Qxd5 5. a3 Bxc3+ 6. bxc3 Nf6 7. Nf3 b6 8. Bd3 Bb7 9. 0-0 Nbd7 10. a4 0-0 11. Re1 Rfd8 12. Bg5 c5 13. c4 Qd6 14. a5 cxd4 15. Nxd4 Ne5 16. Bf4 Nf3+ 17. Qxf3 Qxd4 18. Qe3 Qd7 19. axb6 Qc6 20. Qh3 axb6 21. Bg5 Rxa1 22. Rxa1 h6 23. Be3 1/2-1/2

[Event "Moscow4"]
[White "Olbrikh, H."]
[Black "Vorotnikov, Vladislav V"]
[Site "Moscow"]
[Round "?"]
[Result "1/2-1/2"]
[Date "1990.??.??"]
[WhiteElo "2525"]
[BlackElo "2405"]
[PlyCount "22"]
[EventDate "1990.??.??"]
[EventType "tourn"]
[EventRounds "11"]
[EventCountry "URS"]
[EventCategory "5"]
[SourceTitle "EXT 1997"]
[Source "ChessBase"]
[SourceDate "1996.11.15"]
[SourceVersion "1"]
[SourceVersionDate "1996.11.15"]
[SourceQuality "1"]

1. d4 d5 2. c4 c6 3. Nf3 Nf6 4. Nc3 e6 5. g3 Nbd7 6. Bg2 Bd6 7. Qc2 0-0 8. 0-0 Re8 9. Bg5 h6 10. Bxf6 Nxf6 11. Rad1 Bd7 1/2-1/2